000 005080000a22001690004500
003 MACL
005 20160224164700.0
008 160224b xxu||||| |||| 00| 0 eng d
040 _aMACL
_cMACL
041 _aHindi
082 _a800
100 _aचतुर्वेदी परशुराम
_940164
245 _aहिन्‍दी-काव्‍यधारा
260 _bकिताब महल
_c1952
_aइलाहाबाद
650 _aLiterature
_940165
942 _cHIN
_k800
_2ddc
999 _c23704
_d23704